Lamarck bước ra từ quên lãng (1744-1892)

Sách giới thiệu thân thế và sự nghiệp của nhà khoa học nổi tiếng của Pháp, Lamarck, người đã tiên phong triển khai thuyết tiến hóa trong ngành sinh học

保存先:
書誌詳細
第一著者: Trần Phương Hạnh
フォーマット: 図書
言語:Undetermined
出版事項: Tp. HCM Trẻ 1997
主題:
タグ: タグ追加
タグなし, このレコードへの初めてのタグを付けませんか!
Thư viện lưu trữ: Trung tâm Học liệu Trường Đại học Cần Thơ
LEADER 00801nam a2200205Ia 4500
001 CTU_17664
008 210402s9999 xx 000 0 und d
020 |b 13.500đ 
082 |a 570.92 
082 |b H107 
100 |a Trần Phương Hạnh 
245 0 |a Lamarck bước ra từ quên lãng (1744-1892) 
245 0 |c Trần Phương Hạnh 
260 |a Tp. HCM 
260 |b Trẻ 
260 |c 1997 
520 |a Sách giới thiệu thân thế và sự nghiệp của nhà khoa học nổi tiếng của Pháp, Lamarck, người đã tiên phong triển khai thuyết tiến hóa trong ngành sinh học 
650 |a biologists, french,zoologists, french 
904 |i Minh, 970801 
980 |a Trung tâm Học liệu Trường Đại học Cần Thơ